00485nam a22001937a 4500003000500000005001700005008004100022020001500063020001800078040000600096082001700102100002100119245004900140250001900189260004900208300001800257500000800275650000800283NUST20171123112227.0170216b xxu||||| |||| 00| 0 eng d a0333902980 a9780333908981 c0 a954 MAJbMAJ aMajumdar, R. C.  aAn Advanced History of IndiacR. C. Majumdar aFourth Edition aIndia, New DelhibMacmillan India Ltdc2007. axiv, 1149p, : aP.B aMCE